ZKM Gdynia - 4A - Statystyki

Ogólne statystyki
  • Ten quiz został rozwiązany 11 razy
  • Średni wynik to 7 z 10
Statystyki odpowiedzi
Miasto Przystanek Ulica % Poprawnych
Gdańsk Port Lotniczy Gdańsk Słowackiego
90%
Gdynia Gdynia Dworzec Gł. PKP - Dworcowa Dworcowa
80%
Gdynia Armii Krajowej Władysława IV
70%
Gdynia Buraczana* / Karwiny PKM Wielkopolska
70%
Gdynia Centrum Nauki Experyment Aleja Zwycięstwa
70%
Gdynia Plac Górnośląski Wielkopolska
70%
Gdynia Wzgórze Św. Maksymiliana SKM Władysława IV
70%
Gdynia Myśliwska Chwaszczyńska
50%
Gdynia Redłowo SKM - Park Technologiczny Aleja Zwycięstwa
50%
Gdynia Źródło Marii Chwaszczyńska
50%
Nie znaleziono quizów pasujących do podanych kryteriów
Rozkład punktacji
Procent ludzi z każdym wynikiem
Percentyl według liczby udzielonych odpowiedzi
Twoja historia wyników
Nie rozwiązałeś tego quizu